| 000 | 00527nam a2200181 4500 | ||
|---|---|---|---|
| 001 | 8878 | ||
| 005 | 20230410115513.0 | ||
| 008 | 060907n1998 dr spa | ||
| 020 | _a0080433561 | ||
| 035 | _9funglode8951 | ||
| 041 | _aEN | ||
| 050 | 1 | 4 | _aHD 9743 D313 1998 |
| 245 | 0 | 4 |
_aThe defense industry in the post-cold war era / _cedited by Gerald I. Susman, Sean O'Keefe |
| 260 |
_aNew York : _bPergamon Press, _c1998 |
||
| 300 | _axvii, 422 p. | ||
| 700 | _aSusman, Gerald I \ O'Keefe, Sean | ||
| 942 |
_2lcc _cbk |
||
| 999 |
_c42496 _d42496 |
||